| 000 | 01281nam a2200253 i 4500 | ||
|---|---|---|---|
| 001 | 154237 | ||
| 003 | ES-MaACL | ||
| 005 | 20250930063132.0 | ||
| 008 | 931025s1617 sp |||| | spa d | ||
| 100 | 1 |
_aGarcilaso de la Vega, _cel Inca, _d1539-1616 _955472 |
|
| 245 | 1 | 0 |
_aHistoria general del Peru : _btrata el descubrimiento del, y como lo ganaron los españoles : las guerras civiles que huuo entre Piçarros y Almagros, sobre la partija de la tierra : castigo y leuantamiero de tiranos, y otros sucessos particulares que en la historia se contienen / _cescrita por el ynca Garcilasso de la Vega... |
| 260 |
_aEn Cordoua : _bpor la Viuda de Andres Barrera, y à su costa, _c1617. |
||
| 300 |
_a[8], 300, [6] h. ; _cfol. |
||
| 530 | _aDisponible en formato digital | ||
| 597 | _aSign.: [calderón]8, A-Z8, 2A-2O8, 2P4, 2Q6. | ||
| 597 | _aTexto a dos columnas | ||
| 597 | _aPort. con grab. xilográfico | ||
| 651 | 4 |
_aPerú- _xHistoria- _yDescubrimiento y conquista, 1522-1548. _99226 |
|
| 852 | 4 |
_aES-MaACL _jR-159 _z _xHolandesa _cDEPO _dB-11594 |
|
| 856 |
_uhttp://bdh-rd.bne.es/viewer.vm?id=0000092784&page=1 _yVersión en línea _z(Biblioteca Digital Hispánica) |
||
| 942 |
_2udc _cMONANT _n0 |
||
| 999 |
_c154237 _d154237 |
||